00933nam a2200229 a 450000100100000000500170001000800410002704000250006808200210009310000350011424500510014926000370020030000200023750000640025759000260032165000280034765000310037591000370040695201190044395201240056299900170068600001109220240412074223.0091014s1992 dr r 000 p spa d aDO-SdBNPbspacBNPHU aRD861.44bS232po1 aSantana Jiménez, Elio92658910aPoemas de ilusión /cElio Santana Jiménez. aSanto Domingo :bÁngel,c1992. a34 p. ;c22 cm. aIncluye datos biográficos del autor en la contracubierta. aInventariado, 2020/BT 0aPoesía dominicana966 0aLiteratura dominicana.967 aValidado. Control de calidad MFF 0010718PDaPDbPDcHDd2009-10-14iLF1l0oRD861.44 S232pop11092-10r2020-06-25w2020-06-25yLFPDZNo se presta 0010718PDaPDbPDcHDd2009-10-14iLF1l0oRD861.44 S232pop11092-20r2020-06-25te.2w2020-06-25yLFPDZNo se presta c10817d10817